Normal view
MARC view
- Buk̲h̲ārī, Mumtāzu.
Entry Personal Name
001 - CONTROL NUMBER
- control field: 4582
003 - CONTROL NUMBER IDENTIFIER
- control field: NUST
005 - DATE AND TIME OF LATEST TRANSACTION
- control field: 20170914103625.0
008 - FIXED-LENGTH DATA ELEMENTS
- fixed length control field: 170914|| aca||aabn | a|a d
040 ## - CATALOGING SOURCE
- Original cataloging agency: NUST
- Transcribing agency: NUST
100 ## - HEADING--PERSONAL NAME
- Personal name: Buk̲h̲ārī, Mumtāzu.
670 ## - SOURCE DATA FOUND
- Source citation: Work cat.: (NUST)0: 880-01 Buk̲h̲ārī, Mumtāzu., Bijārānī qabīlah tārīk̲h̲ ke āʼīne men̲ /, 2012.
